LEADER 00987nam a2200229 i 4500 001 000000216194 003 CaOOAMICUS 005 20121008000000.0 008 121008s2009 it u000 u ita u 013 $a195075 040 $aSeMil$bita 245 10$aEmilio Longoni :$b2 collezioni /$ca cura di Giovanna Ginex. 260 $aBarlassina :$bBCC Credito Cooperativo,$c2009. 300 $a175 p. :$bill. ;$c29 cm. 500 $aCatalogo della Mostra tenuta a Milano, Galleria d'arte moderna dal 22 ottobre 2009 al 31 gennaio 2010. 650 4$aLongoni, Emilio .$0(OLS)http://semarc/subject/40229 700 1 $aGinex, Giovanna,$d<1950- >.$0(OLS)http://semarc/name/21246 850 $aSeMil 852 $aSeMil$W1$xVenegono$y1$m5J VII 26$j166613$B166613$CSeMilBibl$Z2$F183035 $81 961 $aOmaggio: Altro 996 $6245$aEmilio Longoni :$b2 collezioni$9(OLS)http://semarc/title/311006 996 $6260$aBarlassina :$bBCC Credito Cooperativo$9(OLS)http://semarc/publisher/52997 LEADER 01115nam a2200241 i 4500 001 000000041262 003 CaOOAMICUS 005 20100607000000.0 008 100607s1966 it u000 u ita u 013 $a12432 040 $aSeMil$bita 100 1 $aMenghini, Ernesto.$0(OLS)http://semarc/name/20273 245 10$aFenomenologia della spiritualitą familiare contemporanea /$cErnesto Menghini ; relatore principale : Ferdinando Lambruschini. 260 $aRoma :$b[s.n.],$c1966. 300 $aVIII, 193 p. ;$c24 cm. 500 $aIn testa al front. : Pontificia Universitas Lateranensis : theses ad lauream in s.theologia. - In preliminari : Dedica omaggio. 650 4$aFamiglia - Spiritualitą.$0(OLS)http://semarc/subject/2885 700 1 $aLambruschini, Ferdinando.$0(OLS)http://semarc/name/20274 850 $aSeMil 852 $aSeMil$W1$xVenegono$y1$m2F V 29$j7417$B7417$CSeMilBibl$Z2$F7417 $81 961 $aOmaggio: Deposito 996 $6245$aFenomenologia della spiritualitą familiare contemporanea$9(OLS)http://semarc/title/59672 996 $6260$aRoma :$b[s.n.]$9(OLS)http://semarc/publisher/29738